000 00890nam a22002057a 4500
008 160204b xxu||||| |||| 00| 0 eng d
020 _a0618107320
082 _22002
_aDK12 821
_bW924
100 _92409
_aWordsworth, William.
245 _aWilliam Worsworth and Samuel Taylor Coleridge lyrical ballads and related writings :
_bcomplete text with introduction, context, reactions /
_cWilliam Wordsworth and Samuel Taylor Coleridge; edited by William Richey and Daniel Robinson.
260 _aBoston :
_bHoughton Mifflin Company,
_cc2002.
300 _axii, 458 pages :
_billustrations ;
_c21 cm.
440 _92413
_a(New Riverside Editions)
650 0 _92406
_aEnglish poetry
_y19th century
650 0 _92407
_aBallads, English
700 _92414
_aColeridge, Samuel Taylor., jt. au.
700 _92415
_aRichey, William., ed.
700 _92416
_aRobinson, Daniel., ed.
942 _2ddc
_cDC
999 _c899
_d899